Cildo Meireles: Ivam Centre del Carme 2 febrero - 23 abril 1995

Salvato in:
Dettagli Bibliografici
Natura: Libro
Lingua:spagnolo
Pubblicazione: Ciudad de México Alias 2009
Edizione:1a. ed
Soggetti:
Tags: Aggiungi Tag
Nessun Tag, puoi essere il primo ad aggiungerne!!

MARC

LEADER 00000cam a2200000 a 4500
001 UCD2539
003 CL-VaPUC
008 160428e20090000mx |||||||||||||||||spa|d
020 |a 9786077818083 
082 0 4 |a 709.81  |b CIL  |2 21 
245 1 0 |a Cildo Meireles: Ivam Centre del Carme 2 febrero - 23 abril 1995 
250 |a 1a. ed 
300 |a 205 p 
942 |c BK 
945 |d 20160428 21:50:00  |a arojas 
260 |a Ciudad de México  |b Alias  |c 2009 
650 0 |a Arte moderno  |9 265333 
650 0 |a Arte brasileño  |9 471136 
650 0 |a Arte contemporáneo  |9 338008 
583 |a last modification  |c 20160428 21:50:00  |k Rodrigo Vera 
999 |c 363693  |d 363691 
952 |0 0  |1 0  |3 erb  |4 0  |6 709_810000000000000_CIL_2009  |7 0  |8 R  |9 476346  |a BIBART  |b BIBART  |i 5284481  |l 2  |o 709.81 CIL 2009  |p 5284481  |r 2025-03-14  |s 2025-03-12  |w 2019-11-24  |y BK_R  |z Catalogado en:20160428  |k ART